Sports Quiz

Random Sports or NHL Quiz

2011 NHL Playoffs Quiz Stats

 Plays Quiz not verified by Sporcle

Challenge
Share
Tweet
Embed
Score 0/8 Timer 02:00
0 Plays Today
Places Teams % Correct
1 vs 8Washington Capitals vs New York Rangers
81.4%
1 vs 8Vancouver Canucks vs Chicago Blackhawks
80.2%
2 vs 7San Jose Sharks vs Los Angeles Kings
77.9%
3 vs 6Boston Bruins vs Montreal Canadiens
73.3%
3 vs 6Detroit Red Wings vs Phoenix Coyotes
70.9%
2 vs 7Philadelphia Flyers vs Buffalo Sabres
70.9%
4 vs 5Anaheim Ducks vs Nashville Predators
65.1%
4 vs 5Pittsburgh Pengiuns vs Tampa Bay Lightning
59.3%

You're not logged in!

Compare scores with friends on all Sporcle quizzes.
OR
Log In

You Might Also Like...

Show Comments

Extras

Top Quizzes Today


Score Distribution

Your Account Isn't Verified!

In order to create a playlist on Sporcle, you need to verify the email address you used during registration. Go to your Sporcle Settings to finish the process.

Report this User

Report this user for behavior that violates our Community Guidelines.

Details: